| 000 | 00744pam a2200253 i 4500 | ||
|---|---|---|---|
| 001 | 2708745 | ||
| 003 | OSt | ||
| 005 | 20250901165749.0 | ||
| 008 | 770210s1977 nyu 000 0 eng | ||
| 010 | _a 76055147 | ||
| 020 |
_a0151421927 : _c$5.95 |
||
| 040 |
_aDLC _cDLC _dDLC |
||
| 050 | 0 | 0 |
_aBF 637 .S8 N4541977 _bN454 |
| 082 | 0 | 0 | _a158/.1 |
| 100 | 1 |
_aNewman, Mildred, _d1920- |
|
| 245 | 1 | 0 |
_aHow to take charge of your life / _cMildred Newman and Bernard Berkowitz. |
| 250 | _a1st ed. | ||
| 260 |
_aNew York : _bHarcourt Brace Jovanovich, _cc1977. |
||
| 300 |
_a112 p. ; _c21 cm. |
||
| 650 | 0 | _aSuccess. | |
| 700 | 1 |
_aBerkowitz, Bernard, _d1909- _ejoint author. |
|
| 906 |
_a7 _bcbc _corignew _d1 _eocip _f19 _gy-gencatlg |
||
| 942 |
_2lcc _cBK |
||
| 999 |
_c8919 _d8919 |
||